000
00280nam a22001337a 4500
003
SGT
082
_a
615
_b
IPC
100
_a
IPC
245
_a
INDIAN PHARMACOPOEIA 2026
260
_a
GHAZIABAD INDIA
_b
IPC
_c
2026
300
_a
1413
650
_a
PHARMACOPOEIA
942
_2
ddc
_c
BK
999
_c
34440
_d
34440